000 00395nam a22001697a 4500
005 20160517094042.0
008 160517b xxu||||| |||| 00| 0 eng d
020 _a978-019-569086-6
041 _aeng
082 _b2455
100 _aUDAI Pareek
_9667
245 _aUnderstanding Organizational Behaviour
260 _bOxford
_c2010
300 _a792
650 _aManagement
_9241
942 _cBK
999 _c883
_d883